1094 1452 1066 1831 1620 1761 1656 1641 1889 1563 1109 1766 1310 1199 1597 1484 1737 1377 1812 1007 1130 1658 1572 1210 1686 1478 1192 1717 1983 1338 1344 1269 1758 1884 1854 2000 1660 1771 1957 1693 1755 1437 1414 1448 1070 1975 1608 1495 1891 1935 1270 1728 1592 1161 1480 1189 1024 1181 1781 1835 1416 1265 1052 1389 1139 1687 1258 1338 1914 1398 1354 1629 1214 1818 1439 1845 1460 1879 1870 1456 1592 1418 1559 1700 1257 1867 1685 1990 1304 1893 1459 1598 1848 1432 1744 1726 1032 1185 1901 BCNSPRNW ULIB Ver.6.0+V

เปลี่ยนเป็นภาษาไทย

Change to English
 แสดงรายละเอียดบรรณานุกรม
  กลับหน้าหลัก

Brief Record : Get Marc (ISO 2709) : E-mail record : QR code < ปิดหน้าต่าง
LEADER : 00000nam 2200000uu 4500
001    13399122929
003     ULIB
008    131104s2548||||th 000 0 tha d
099    ^aวจ.WY18.8^bพ488ก
100 0  ^aพอเพ็ญ ไกรนรา
245 00 ^aการพัฒนาทักษะการเรียนรู้สำหรับนักศึกษาพยาบาลวิทยาลัยพยาบาลสังกัดสถาบันพระบรมราชชนก กระทรวงสาธารณสุข/^cพอเพ็ญ ไกรนรา และคณะ
260    ^aตรัง :^bวิทยาลัยพยาบาลบรมราชชนนี ตรัง,^c2548
300    ^a103 หน้า :^bตาราง
500    ^aรายงานการวิจัย
650  7 ^aทักษะการเรียนรู้^xนักศึกษาพยาบาล^xวิจัย
710 1  ^aวิทยาลัยพยาบาลบรมราชชนนี ตรัง
945    ^p0^l0^i20241
995    ^aทศพร
999    ^aกัณชพร
รายการนี้ยังไม่มีแท็ก
คุณยังไม่ได้ล็อกอิน คุณสามารถมีกิจกรรมร่วมกับเว็บไซต์ได้ แต่ต้องล็อกอินก่อน ::
  ล็อกอิน

รายการสื่อสารสนเทศ

ลำดับที่ ประเภท เลขเรียก/บาร์โค้ด สถานที่ สถานะ
1. งานวิจัย
งานวิจัย
วจ.WY18.8 พ488ก ฉ.1 
  Barcode: 20241
ห้องสมุดวิทยาเขตนครสวรรค์
►วิจัย:l:Research Room
บนชั้น

BibComment


ยังไม่เคยถูกคอมเมนท์

คอมเมนท์ทรัพยากรรายการนี้
  คอมเมนท์: การพัฒนาทักษะการ..


 Copyright 2026. Bcnsprnw @Library